Sports Quiz

Random Sports or Baseball Quiz

2007 Red Sox Quiz Stats

Quiz not verified by Sporcle

Challenge
Share
Tweet
Embed
Score 0/39 Timer 05:00
0 Plays Today
Position Player % Correct
CatcherJason Varitek
97.6%
1st BaseKevin Youkilis
83.3%
Left FieldManny Ramirez
78.6%
2nd BaseDustin Pedroia
75%
Center FieldJacoby Ellsbury
72.6%
CatcherDoug Mirabelli
66.7%
Starting PitcherJosh Beckett
64.3%
Right FieldJ.D. Drew
63.1%
3rd BaseMike Lowell
60.7%
Starting PitcherTim Wakefield
59.5%
Starting PitcherJon Lester
56%
Relief PitcherJonathan Papelbon
56%
Starting PitcherCurt Schilling
54.8%
Center FieldCoco Crisp
46.4%
ShortstopJulio Lugo
44%
Starting PitcherDaisuke Matsuzaka
44%
Relief PitcherHideki Okajima
38.1%
Relief PitcherMike Timlin
36.9%
CatcherKevin Cash
29.8%
Relief PitcherManny Delcarmen
29.8%
Position Player % Correct
Starting PitcherClay Buchholz
25%
2nd BaseAlex Cora
20.2%
Relief PitcherEric Gagne
15.5%
Right FieldBobby Kielty
14.3%
1st BaseEric Hinske
11.9%
Right FieldBrandon Moss
10.7%
Relief PitcherJavier Lopez
10.7%
Left Field David Murphy
8.3%
Relief PitcherJulian Tavarez
8.3%
Right FieldWily Mo Pena
6%
Relief PitcherJ.C. Romero
6%
Relief PitcherJoel Pineiro
4.8%
Relief PitcherKason Gabbard
4.8%
1st BaseJeff Bailey
2.4%
ShortstopRoyce Clayton
2.4%
Relief PitcherKyle Snyder
2.4%
Relief PitcherBryan Corey
1.2%
Relief PitcherDevern Hansack
1.2%
Relief PitcherBrendan Donnelly
0%

You're not logged in!

Compare scores with friends on all Sporcle quizzes.
Sign Up with Email
OR
Log In

You Might Also Like...

Show Comments

Extras

Top Quizzes Today


Score Distribution

Your Account Isn't Verified!

In order to create a playlist on Sporcle, you need to verify the email address you used during registration. Go to your Sporcle Settings to finish the process.